Gaming Quiz

Random Gaming or Puzzle Quiz

Clickable Magic 8-Ball Quiz Stats

Quiz Updated Jun 21, 2013

Challenge
Share
Tweet
Embed
Score 0/20 Timer 05:00
0 Plays Today
% Correct
Ask Again Later
69.3%
Yes
64.9%
Signs Point to Yes
62.3%
Don't Count on It
57.5%
Very Doubtful
55.6%
My Sources Say No
54.5%
Most Likely
54.1%
It is Certain
53.6%
Outlook Good
51.7%
Outlook Not So Good
49.9%
% Correct
Without a Doubt
48.7%
Yes - Definitely
48.3%
It is Decidedly So
45%
As I See It, Yes
43.2%
Reply Hazy, Try Again
43%
You May Rely on It
42.6%
Concentrate and Ask Again
41%
My Reply is No
39.8%
Cannot Predict Now
39.4%
Better Not Tell You Now
24.3%

You're not logged in!

Compare scores with friends on all Sporcle quizzes.
Sign Up with Email
OR
Log In

You Might Also Like...

Show Comments

Extras

Top Quizzes Today


Score Distribution

Your Account Isn't Verified!

In order to create a playlist on Sporcle, you need to verify the email address you used during registration. Go to your Sporcle Settings to finish the process.